000 00397nam a22001337a 4500
003 SGT
082 _a363.25
_bYAD
100 _aYADAV VIPIN
245 _aA STUDY OF THE CONSISTENT SIMILARITIES BETWEEN COMPLETE PARTIAL AND INITIAL SIGNATURES OF AN INDIVIDUAL FOR AUTHOR IDENTIFICATION
260 _aSGT UNIVERSITY
_bFABS
_c2024
300 _a134
650 _aFORENSIC SCIENCE
942 _2ddc
_cTH
999 _c33250
_d33250